Počítačové modelovanie a simulácia leteckých motorov
Stručné vysvetlenie pojmov modelovanie a simulácia.
Gespeichert in:
| 1. Verfasser: | |
|---|---|
| Weitere Verfasser: | , |
| Format: | Buchkapitel |
| Sprache: | Slowakisch |
| Schlagworte: | |
| Tags: |
Keine Tags, Fügen Sie das erste Tag hinzu!
|
MARC
| LEADER | 00000naa$a2200000$$$4500 | ||
|---|---|---|---|
| 001 | 0270268 | ||
| 005 | 20240502074231.8 | ||
| 041 | 0 | |a slo | |
| 044 | |a SK | ||
| 245 | 1 | 0 | |a Počítačové modelovanie a simulácia leteckých motorov |
| 520 | |a Stručné vysvetlenie pojmov modelovanie a simulácia. | ||
| 610 | 2 | 0 | |a modelovanie |
| 610 | 2 | 0 | |a počítače |
| 610 | 2 | 0 | |a simulácia |
| 610 | 2 | 0 | |a doprava letecká |
| 100 | 1 | |a Daneshjo, Naqibullah, 1964- | |
| 700 | 1 | |a Korba, Peter | |
| 700 | 1 | |a Iľaščíková, Lucia | |